[Event "Rated Blitz game"]
[Site "?"]
[Date "2021.02.02"]
[Round "?"]
[White "Ririn_Vita_T661"]
[Black "TajiriWWE"]
[Result "0-1"]
[WhiteElo "2324"]
[BlackElo "2419"]
[PlyCount "138"]
[EventDate "2021.??.??"]
[EventType "blitz"]

1. e4 e5 2. Nf3 d5 3. exd5 e4 4. Qe2 Nf6 5. d3 Qxd5 6. Nbd2 Nc6 7. dxe4 Qh5 8.
Qb5 Bc5 9. Nb3 Nxe4 10. Nxc5 Qxc5 11. Qxc5 Nxc5 12. Be3 Ne6 13. Bc4 O-O 14. a3
Re8 15. O-O-O a6 16. Rhe1 Ne7 17. Bb3 b5 18. Ng5 Nf5 19. Bc5 h6 20. Bd5 Rb8 21.
Ba7 hxg5 22. Bxb8 Bd7 23. Ba2 Bc6 24. Bxe6 fxe6 25. Bxc7 Bxg2 26. Rd8 Rxd8 27.
Bxd8 Bd5 28. Bxg5 Nd4 29. Be3 Nf3 30. Rd1 Kf7 31. h4 Nxh4 32. Rd4 Nf5 33. Rf4
g5 34. Rb4 Nxe3 35. fxe3 Bc4 36. b3 a5 37. Rxc4 bxc4 38. bxc4 Ke7 39. Kd2 Kd6
40. Ke2 Kc5 41. Kf3 Kxc4 42. Kg4 Kc3 43. Kxg5 Kxc2 44. e4 Kb3 45. Kf6 Kxa3 46.
Kxe6 Kb4 47. Kf7 a4 48. e5 a3 49. e6 a2 50. e7 a1=Q 51. e8=Q Qf1+ 52. Ke7 Qe2+
53. Kd8 Qd3+ 54. Qd7 Qg6 55. Qe7+ Kc4 56. Qc7+ Kd5 57. Qb7+ Ke5 58. Qb5+ Kf4
59. Qc4+ Kg5 60. Qd5+ Kf4 61. Qd2+ Ke5 62. Qc3+ Kd6 63. Qb4+ Kc6 64. Qa4+ Kd5
65. Qb5+ Kd4 66. Qb4+ Ke3 67. Qb3+ Kf2 68. Qc2+ Qxc2 69. Kd7 Ke3 {Time forfeit}
0-1

[Event "Rated Blitz game"]
[Site "?"]
[Date "2021.02.02"]
[Round "?"]
[White "Alexkhripackenko"]
[Black "pasha1984"]
[Result "1-0"]
[WhiteElo "2505"]
[BlackElo "2311"]
[PlyCount "43"]
[EventDate "2021.??.??"]
[EventType "blitz"]

1. e4 e5 2. Nf3 d5 3. exd5 e4 4. Qe2 Nf6 5. d3 Qxd5 6. Nbd2 Nc6 7. Nxe4 Be6 8.
Bg5 Be7 9. Bxf6 gxf6 10. g3 O-O-O 11. Bg2 Bg4 12. Nc3 Bb4 13. O-O Bxc3 14. bxc3
Rhe8 15. Qd1 Qh5 16. h3 Bxh3 17. Bxh3+ Qxh3 18. Nh4 Ne5 19. Re1 Ng4 20. Qf3
Qh2+ 21. Kf1 c6 22. Qxg4+ {Normal} 1-0

[Event "Rated Blitz game"]
[Site "?"]
[Date "2021.02.02"]
[Round "?"]
[White "Agaraa"]
[Black "KamranShirazi"]
[Result "0-1"]
[WhiteElo "2260"]
[BlackElo "2409"]
[PlyCount "52"]
[EventDate "2021.??.??"]
[EventType "blitz"]

1. e4 e5 2. Nf3 d5 3. exd5 e4 4. Ng1 Qxd5 5. d3 exd3 6. Qxd3 Nf6 7. Qxd5 Nxd5
8. a3 Nc6 9. Nf3 Bg4 10. Be2 O-O-O 11. O-O a5 12. c4 Nb6 13. b3 a4 14. b4 Bxf3
15. gxf3 Nd4 16. Bd1 Nxc4 17. Be3 b5 18. Nc3 c6 19. Rc1 Nb3 20. Bxb3 axb3 21.
a4 Bxb4 22. axb5 b2 23. Rc2 Bxc3 24. Rxc3 cxb5 25. Rb1 Kb7 26. Rb3 Kc6 {Normal}
0-1

[Event "Rated Blitz game"]
[Site "?"]
[Date "2021.02.02"]
[Round "?"]
[White "marcalme"]
[Black "oJHoNiKz"]
[Result "0-1"]
[WhiteElo "2253"]
[BlackElo "2419"]
[PlyCount "50"]
[EventDate "2021.??.??"]
[EventType "blitz"]

1. e4 e5 2. Nf3 d5 3. Nxe5 dxe4 4. d4 Bd6 5. Nc4 Nc6 6. Nxd6+ Qxd6 7. Be3 f5 8.
Qd2 Nf6 9. h3 Be6 10. c4 Bf7 11. Nc3 O-O-O 12. a3 Nxd4 13. Bf4 Qc6 14. Nd5 Nxd5
15. Qxd4 Nxf4 16. Qxa7 Qa6 17. Qe3 Nd3+ 18. Bxd3 Rxd3 19. Qc5 Qxc4 20. Qxf5+
Be6 21. Qe5 Qd5 22. Qg3 e3 23. O-O e2 24. Qxg7 exf1=Q+ 25. Rxf1 Rg8 {Normal}
0-1

[Event "Rated Blitz game"]
[Site "?"]
[Date "2021.02.02"]
[Round "?"]
[White "kahvitauko"]
[Black "gameoverbro"]
[Result "0-1"]
[WhiteElo "2406"]
[BlackElo "2461"]
[PlyCount "130"]
[EventDate "2021.??.??"]
[EventType "blitz"]

1. e4 e5 2. Nf3 d5 3. exd5 e4 4. Qe2 Nf6 5. d3 Bb4+ 6. c3 O-O 7. dxe4 Bc5 8.
Bg5 h6 9. Bxf6 Qxf6 10. Nbd2 c6 11. O-O-O cxd5 12. exd5 Bf5 13. Ne4 Bxe4 14.
Qxe4 Nd7 15. Bd3 g6 16. Bc2 Rfe8 17. Qd3 Bxf2 18. Rhf1 Be3+ 19. Kb1 Qd6 20. h4
h5 21. Ng5 Bxg5 22. hxg5 Re5 23. g4 Rxg5 24. gxh5 Rxh5 25. Rh1 Rh2 26. Qf3 Rxh1
27. Rxh1 Qf6 28. Qh3 Nf8 29. c4 b6 30. a3 Re8 31. Qh4 Qxh4 32. Rxh4 Nd7 33. Ba4
Re1+ 34. Ka2 Nc5 35. Bb3 Re3 36. Bd1 Rd3 37. Rh1 f5 38. Bc2 Rd2 39. Kb1 Kf7 40.
Rd1 Rxd1+ 41. Bxd1 Ke7 42. b4 Ne4 43. Kc2 Kd6 44. Bf3 Ng5 45. Bg2 f4 46. Kd3 f3
47. Bf1 Nf7 48. Ke3 Ne5 49. Kf4 b5 50. cxb5 Kxd5 51. a4 Kd4 52. a5 Kd5 53. b6
axb6 54. a6 Nc6 55. a7 Nxa7 56. Kxf3 Nc6 57. b5 Nd4+ 58. Kg4 Kc5 59. Kg5 Nxb5
60. Kxg6 Nd6 61. Kf6 Nc4 62. Kf5 Kd4 63. Kf4 b5 64. Bh3 b4 65. Bf5 Kc3 {
Time forfeit} 0-1

[Event "Rated Blitz game"]
[Site "?"]
[Date "2021.02.01"]
[Round "?"]
[White "Corre_por_tu_vida"]
[Black "Jomajo"]
[Result "0-1"]
[WhiteElo "2563"]
[BlackElo "2583"]
[PlyCount "82"]
[EventDate "2021.??.??"]
[EventType "blitz"]

1. e4 e5 2. Nf3 d5 3. exd5 e4 4. Qe2 Qe7 5. Nd4 Nf6 6. Nc3 Qe5 7. Ndb5 a6 8. d4
Qe7 9. Na3 b5 10. Nab1 b4 11. Nd1 Nxd5 12. Nd2 f5 13. Nc4 Nc6 14. c3 g6 15.
Nde3 Be6 16. Nxd5 Bxd5 17. Ne3 Bf7 18. h4 Bg7 19. h5 f4 20. Nc4 g5 21. h6 Bf6
22. g3 Bxd4 23. gxf4 bxc3 24. fxg5 O-O-O 25. Ne3 Nb4 26. Nf5 Qc5 27. Bh3 Kb8
28. Nxd4 Nd3+ 29. Kf1 Bc4 30. Kg1 Qxd4 31. Be3 Qe5 32. bxc3 Rhg8 33. Bg2 Rde8
34. Rb1+ Ka8 35. Rh5 Rg6 36. Qg4 Bd5 37. c4 Bc6 38. Kh1 Qe6 39. Qg3 Qd6 40.
Qxd6 Rxd6 41. Rb6 cxb6 {Time forfeit} 0-1

[Event "Rated Blitz tournament piQtcm67"]
[Site "?"]
[Date "2021.02.01"]
[Round "?"]
[White "munster1"]
[Black "Henrik_95"]
[Result "1/2-1/2"]
[WhiteElo "2477"]
[BlackElo "2384"]
[PlyCount "44"]
[EventDate "2021.??.??"]
[EventType "blitz"]

1. e4 e5 2. Nf3 d5 3. exd5 e4 4. Ne5 Qxd5 5. d4 exd3 6. Nxd3 Nc6 7. Nc3 Qe6+ 8.
Be3 Bd6 9. Be2 Nge7 10. O-O O-O 11. Bf3 Qg6 12. Be4 f5 13. Bf3 f4 14. Bd2 Bf5
15. Nxf4 Bxf4 16. Bxf4 Bxc2 17. Qd2 Rad8 18. Nd5 Nxd5 19. Bxd5+ Kh8 20. Rfe1
Rd7 21. Rac1 Bf5 22. Rc5 h6 {Normal} 1/2-1/2

[Event "Rated Blitz game"]
[Site "?"]
[Date "2021.02.01"]
[Round "?"]
[White "ClubInviviendaRD"]
[Black "Jomajo"]
[Result "1-0"]
[WhiteElo "2575"]
[BlackElo "2592"]
[PlyCount "85"]
[EventDate "2021.??.??"]
[EventType "blitz"]

1. e4 e5 2. Nf3 d5 3. exd5 e4 4. Nd4 Qxd5 5. Ne2 Nf6 6. Nbc3 Qe5 7. d4 exd3 8.
Qxd3 Nc6 9. Bf4 Qa5 10. O-O-O Be7 11. Qb5 Bd8 12. Nd4 Qxb5 13. Bxb5 O-O 14.
Bxc6 bxc6 15. Nxc6 Be6 16. Rhe1 h6 17. f3 a6 18. Nxd8 Rfxd8 19. Rxd8+ Rxd8 20.
Bxc7 Rc8 21. Be5 Nd7 22. Bd4 Rd8 23. b3 Nb8 24. Rd1 Rc8 25. Kb2 Nc6 26. Bc5 Ne5
27. Bd6 Nc6 28. Na4 h5 29. h4 Bf5 30. c4 a5 31. Rd2 Re8 32. a3 Re1 33. b4 Rb1+
34. Kc3 Ra1 35. Kb3 Rb1+ 36. Nb2 axb4 37. axb4 Ra1 38. b5 Na5+ 39. Kb4 Nb7 40.
Be7 f6 41. c5 Kf7 42. c6 Na5 43. Bd8 {Normal} 1-0

[Event "Rated Blitz game"]
[Site "?"]
[Date "2021.02.01"]
[Round "?"]
[White "ElGordito123"]
[Black "Fantastic_power06"]
[Result "1-0"]
[WhiteElo "2518"]
[BlackElo "2607"]
[PlyCount "23"]
[EventDate "2021.??.??"]
[EventType "blitz"]

1. e4 e5 2. Nf3 d5 3. exd5 e4 4. Qe2 Nf6 5. d3 Qxd5 6. Nc3 Bb4 7. Bd2 Bxc3 8.
Bxc3 O-O 9. dxe4 Nxe4 10. Qc4 Nxc3 11. Qxc3 Re8+ 12. Be2 {Time forfeit} 1-0

[Event "Rated Blitz game"]
[Site "?"]
[Date "2021.02.01"]
[Round "?"]
[White "vogelj"]
[Black "Jomajo"]
[Result "0-1"]
[WhiteElo "2402"]
[BlackElo "2581"]
[PlyCount "42"]
[EventDate "2021.??.??"]
[EventType "blitz"]

1. e4 e5 2. Nf3 d5 3. Nxe5 Bd6 4. d4 dxe4 5. Nc4 Nf6 6. Be2 Nc6 7. c3 Bf5 8.
O-O h5 9. Nxd6+ Qxd6 10. Nd2 Ng4 11. g3 e3 12. Nc4 exf2+ 13. Rxf2 Qe6 14. Rf1
O-O-O 15. Bf4 h4 16. Bg5 hxg3 17. hxg3 g6 18. Bxd8 Nxd8 19. Ne5 Nxe5 20. dxe5
Qxe5 21. Kf2 Rh2+ {Normal} 0-1

[Event "Rated Blitz game"]
[Site "?"]
[Date "2021.02.01"]
[Round "?"]
[White "Ergashev"]
[Black "Jomajo"]
[Result "1-0"]
[WhiteElo "2490"]
[BlackElo "2587"]
[PlyCount "87"]
[EventDate "2021.??.??"]
[EventType "blitz"]

1. e4 e5 2. Nf3 d5 3. exd5 e4 4. Qe2 Qe7 5. Nd4 Nf6 6. c4 Qe5 7. Nb5 Bd6 8. d4
exd3 9. Qxe5+ Bxe5 10. Bxd3 a6 11. N5c3 Nbd7 12. f4 Bd6 13. Ne4 Nxe4 14. Bxe4
O-O 15. Nc3 f5 16. Bc2 Re8+ 17. Kf1 Nf6 18. g3 Bd7 19. Kg2 c6 20. Bd2 cxd5 21.
cxd5 Rac8 22. Rhe1 Kf8 23. Rxe8+ Bxe8 24. Bxf5 Rc5 25. Be3 Rc4 26. Bd3 Rb4 27.
b3 Bf7 28. Rd1 Nxd5 29. Nxd5 Bxd5+ 30. Kf2 Bc6 31. Bxh7 Be7 32. Bd3 a5 33. Bd2
Rd4 34. Bc3 Rd5 35. Be2 Bc5+ 36. Kf1 Rf5 37. Rd8+ Kf7 38. Rc8 g6 39. Bc4+ Ke7
40. Rg8 Be8 41. Rg7+ Kd8 42. Rxb7 g5 43. Be6 Rf8 44. Bg7 {Normal} 1-0

[Event "Rated Blitz game"]
[Site "?"]
[Date "2021.02.01"]
[Round "?"]
[White "vogelj"]
[Black "Jomajo"]
[Result "0-1"]
[WhiteElo "2402"]
[BlackElo "2581"]
[PlyCount "116"]
[EventDate "2021.??.??"]
[EventType "blitz"]

1. e4 e5 2. Nf3 d5 3. Nxe5 Bd6 4. d4 dxe4 5. Nc4 Nf6 6. Nxd6+ Qxd6 7. Be2 Nc6
8. c3 h5 9. Nd2 Bf5 10. Nc4 Qd7 11. Bf4 Nd5 12. Bd2 h4 13. h3 O-O-O 14. Qa4 a6
15. Ne3 Nxe3 16. Bxe3 Ne7 17. Qxd7+ Bxd7 18. O-O-O Be6 19. b3 b5 20. Kb2 Nd5
21. Bc1 Nb6 22. Bg5 f6 23. Bf4 Nd5 24. Bh2 Nb6 25. Rc1 Kb7 26. Rhd1 Rd7 27. c4
bxc4 28. bxc4 c6 29. Kc3 Rhd8 30. Rb1 Ka7 31. d5 cxd5 32. c5 Nc8 33. Kd4 Ne7
34. Rb6 Nf5+ 35. Kc3 d4+ 36. Kb2 Bd5 37. Bg4 g6 38. Rxf6 Rb7+ 39. Ka1 Rf7 40.
Rxg6 d3 41. Rb1 d2 42. Be2 Bb7 43. Rgb6 Bc8 44. Bb8+ Ka8 45. Bh2 Nd4 46. Bxa6
Nc2+ 47. Kb2 Bxa6 48. Rxa6+ Kb7 49. Rb6+ Ka7 50. Kxc2 Rxf2 51. Rb7+ Ka8 52.
Rb8+ Rxb8 53. Rxb8+ Ka7 54. Bc7 e3 55. c6 Rf1 56. Rb7+ Ka6 57. Rb6+ Ka7 58.
Rb7+ Ka6 {Time forfeit} 0-1

[Event "Rated Blitz game"]
[Site "?"]
[Date "2021.02.01"]
[Round "?"]
[White "vogelj"]
[Black "Jomajo"]
[Result "0-1"]
[WhiteElo "2402"]
[BlackElo "2580"]
[PlyCount "28"]
[EventDate "2021.??.??"]
[EventType "blitz"]

1. e4 e5 2. Nf3 d5 3. Nxe5 Bd6 4. d4 dxe4 5. Nc4 Nf6 6. Nxd6+ Qxd6 7. Be2 Nc6
8. Be3 Ne7 9. c3 Ned5 10. O-O h5 11. h3 Ng4 12. hxg4 hxg4 13. g3 Nxe3 14. Qc1
Qh6 {Normal} 0-1

[Event "Rated Blitz game"]
[Site "?"]
[Date "2021.02.01"]
[Round "?"]
[White "Mortatill"]
[Black "Fantastic_power06"]
[Result "0-1"]
[WhiteElo "2614"]
[BlackElo "2606"]
[PlyCount "148"]
[EventDate "2021.??.??"]
[EventType "blitz"]

1. e4 e5 2. Nf3 d5 3. Nxe5 Bd6 4. d4 dxe4 5. Bc4 Bxe5 6. Qh5 Qe7 7. Qxe5 Qxe5
8. dxe5 Nc6 9. Bf4 Bf5 10. Nc3 Rd8 11. Nd5 Rd7 12. Ne3 Be6 13. Bxe6 fxe6 14.
Rd1 Rxd1+ 15. Kxd1 Nge7 16. Re1 Ng6 17. Bg3 Ngxe5 18. Nf1 Nc4 19. b3 Nd6 20.
Nd2 Kd7 21. Nxe4 b6 22. Ng5 Nd8 23. Be5 Ne8 24. Re3 h6 25. Rd3+ Ke7 26. Rxd8
hxg5 27. Bxc7 Rh4 28. Rc8 Kd7 29. Rd8+ Ke7 30. Rc8 Kd7 31. Rd8+ Kxc7 32. Rxe8
Rxh2 33. Re7+ Kd6 34. Rxg7 Rxg2 35. Ke2 g4 36. Kf1 Rh2 37. Rxg4 Rh1+ 38. Ke2
Rc1 39. Kd2 Rf1 40. Ke2 Rc1 41. Rc4 b5 42. Rc8 Kd7 43. Rc5 a6 44. Kd2 Ra1 45.
a4 bxa4 46. Ra5 a3 47. Rxa6 a2 48. b4 Kc7 49. b5 Kb7 50. c4 Rf1 51. Ke3 a1=Q
52. Rxa1 Rxa1 53. Kd4 Rf1 54. Ke3 Kb6 55. Kd4 Rxf2 56. Ke5 Rf5+ 57. Kd4 Rc5 58.
Kc3 e5 59. Kb4 e4 60. Kc3 e3 61. Kd4 e2 62. Kd3 e1=Q 63. Kd4 Qb4 64. Kd3 Qxc4+
65. Ke3 Rd5 66. Kf2 Qc8 67. Kg2 Qc7 68. Kg1 Qe7 69. Kh2 Re5 70. Kh1 Qf7 71. Kg2
Rf5 72. Kh1 Qg7 73. Kh2 Rf8 74. Kh1 Rh8# {Normal} 0-1

[Event "Rated Blitz tournament piQtcm67"]
[Site "?"]
[Date "2021.02.01"]
[Round "?"]
[White "EndritUruci"]
[Black "Henrik_95"]
[Result "1/2-1/2"]
[WhiteElo "2417"]
[BlackElo "2396"]
[PlyCount "134"]
[EventDate "2021.??.??"]
[EventType "blitz"]

1. e4 e5 2. Nf3 d5 3. d3 dxe4 4. dxe4 Qxd1+ 5. Kxd1 Nc6 6. Bd3 Bg4 7. Nbd2
O-O-O 8. h3 Be6 9. Ke2 f6 10. Rd1 Nge7 11. a3 Ng6 12. Nf1 Bc5 13. Be3 Bxe3 14.
fxe3 Rhe8 15. g4 Nge7 16. Ng3 g6 17. b4 a6 18. c4 Nb8 19. c5 Nbc6 20. Rab1 Na7
21. a4 Nec6 22. b5 axb5 23. axb5 Na5 24. Rdc1 Rxd3 25. Kxd3 Rd8+ 26. Ke2 Bc4+
27. Kf2 Bxb5 28. g5 fxg5 29. Nxe5 Rd2+ 30. Kf3 Rh2 31. Rh1 Rc2 32. Rbc1 Rb2 33.
c6 Nb3 34. cxb7+ Kxb7 35. Rc3 Nd2+ 36. Kg4 Nc6 37. Nxc6 Bxc6 38. Kxg5 Bxe4 39.
Kf4 Bxh1 40. Nxh1 Kb6 41. Ng3 c5 42. e4 c4 43. e5 Rb3 44. Ne2 Rxc3 45. Nxc3 Kc7
46. Ke3 Nf1+ 47. Kd4 Kd7 48. Kxc4 Ke6 49. Kd4 Nh2 50. Na4 Nf3+ 51. Ke4 Nxe5 52.
Nc5+ Kf6 53. Kf4 Nf7 54. Nd7+ Kg7 55. Nc5 Nd6 56. Ne6+ Kf6 57. Nd4 Nf7 58. h4
Ne5 59. Nb5 Nd3+ 60. Kg4 Ne5+ 61. Kg3 h6 62. Nd6 Nf7 63. Ne4+ Kg7 64. Nf2 g5
65. hxg5 Nxg5 66. Ng4 Nf7 67. Nxh6 Kxh6 {Normal} 1/2-1/2

[Event "Rated Blitz game"]
[Site "?"]
[Date "2021.02.01"]
[Round "?"]
[White "FlinkerFreddy"]
[Black "Jomajo"]
[Result "1-0"]
[WhiteElo "2358"]
[BlackElo "2579"]
[PlyCount "55"]
[EventDate "2021.??.??"]
[EventType "blitz"]

1. e4 e5 2. Nf3 d5 3. Nc3 d4 4. Ne2 d3 5. cxd3 c5 6. Ng3 Nc6 7. Be2 Bg4 8. O-O
Bxf3 9. Bxf3 Nf6 10. Re1 g6 11. Nf1 Bh6 12. Qc2 b6 13. b3 Nd4 14. Qd1 O-O 15.
Bb2 Qd7 16. Ne3 Rad8 17. Be2 Rfe8 18. Bf1 Bg7 19. Rc1 h5 20. Rc4 h4 21. b4 cxb4
22. Bxd4 exd4 23. Nc2 Ng4 24. Nxb4 Ne5 25. Rc2 Qb5 26. Nd5 Rc8 27. Rxc8 Rxc8
28. Ne7+ {Normal} 1-0

[Event "Rated Blitz tournament PVHTS9k5"]
[Site "?"]
[Date "2021.02.01"]
[Round "?"]
[White "Anjalia_WGM"]
[Black "om_gendut"]
[Result "0-1"]
[WhiteElo "2456"]
[BlackElo "2316"]
[PlyCount "72"]
[EventDate "2021.??.??"]
[EventType "blitz"]

1. e4 e5 2. Nf3 d5 3. exd5 e4 4. Qe2 Be7 5. Qxe4 Nf6 6. Qc4 O-O 7. Be2 Nbd7 8.
O-O Nb6 9. Qb3 Nbxd5 10. d4 Bf5 11. c4 Nb4 12. Na3 a5 13. Bd2 a4 14. Qd1 Nc6
15. Bc3 Ne4 16. Nb5 Nb8 17. d5 Bg6 18. Nbd4 a3 19. Rc1 axb2 20. Bxb2 Rxa2 21.
Qb3 Ra7 22. Ne5 Nd2 23. Qc3 Nxf1 24. Nxg6 hxg6 25. Bxf1 Bf6 26. Rd1 Nd7 27. Qb4
Qe7 28. Qd2 Re8 29. Qc1 Nc5 30. Nb5 Raa8 31. Ba3 b6 32. g3 Qd7 33. Nd4 Bxd4 34.
Rxd4 Nb3 35. Qd1 Nxd4 36. Qxd4 Rxa3 {Normal} 0-1

[Event "Rated Blitz game"]
[Site "?"]
[Date "2021.02.01"]
[Round "?"]
[White "Mark_Twain_64"]
[Black "Kallaig59"]
[Result "1-0"]
[WhiteElo "2392"]
[BlackElo "2447"]
[PlyCount "83"]
[EventDate "2021.??.??"]
[EventType "blitz"]

1. e4 e5 2. Nf3 d5 3. d4 dxe4 4. Nxe5 Bd6 5. Nc4 Nf6 6. Nxd6+ cxd6 7. Be2 d5 8.
c4 O-O 9. Nc3 Nc6 10. Bg5 h6 11. Bxf6 Qxf6 12. Nxd5 Qxd4 13. Ne7+ Kh7 14. Nxc6
Qxd1+ 15. Rxd1 bxc6 16. Rd6 Be6 17. Kd2 Rfd8 18. Rxd8 Rxd8+ 19. Kc3 f5 20. b4
Kg6 21. a4 Kf6 22. Rb1 Ke5 23. c5 Rc8 24. Ba6 Rc7 25. Rd1 g5 26. Rd8 f4 27. Re8
Kf6 28. Bc4 Bf5 29. Rf8+ Kg6 30. Kd4 Rd7+ 31. Ke5 Re7+ 32. Kd6 Rd7+ 33. Kxc6
Rd4 34. Ba6 Rxb4 35. Kd6 Rxa4 36. Bb5 Rd4+ 37. Ke5 Rb4 38. Be8+ Kg7 39. Rf7+
Kg8 40. Kxf5 e3 41. fxe3 fxe3 42. Re7 {Normal} 1-0

[Event "Rated Blitz game"]
[Site "?"]
[Date "2021.02.01"]
[Round "?"]
[White "andreas_heimann"]
[Black "Jomajo"]
[Result "0-1"]
[WhiteElo "2661"]
[BlackElo "2568"]
[PlyCount "154"]
[EventDate "2021.??.??"]
[EventType "blitz"]

1. e4 e5 2. Nf3 d5 3. exd5 e4 4. Qe2 Qe7 5. Nd4 Nf6 6. Nc3 Qe5 7. Nb3 Nbd7 8.
d3 exd3 9. cxd3 Bb4 10. Qxe5+ Nxe5 11. Bf4 Ng6 12. Bxc7 Nxd5 13. Ba5 Be6 14.
Be2 Ngf4 15. g3 Nxe2 16. Kxe2 Bd6 17. Ne4 Be7 18. Rhc1 b6 19. Bd2 h6 20. Nd4
Bd7 21. Nc6 f5 22. Nxe7 Kxe7 23. Nc3 Nf6 24. Bf4 Kf7 25. f3 Bc6 26. Kf2 Rad8
27. Rd1 Rd7 28. d4 Rhd8 29. Be5 g5 30. Rd3 g4 31. Bxf6 Kxf6 32. fxg4 fxg4 33.
Rad1 Bf3 34. R1d2 Kf5 35. h3 h5 36. h4 a6 37. d5 Rd6 38. Rd4 b5 39. a3 Ke5 40.
Ke3 Kf5 41. Rf4+ Ke5 42. Rfd4 Kf5 43. Rf4+ Ke5 44. Rdd4 a5 45. Nxb5 Rxd5 46.
Rxd5+ Rxd5 47. Nc3 Rd7 48. Ra4 Ra7 49. b4 Rc7 50. Rxa5+ Ke6 51. Rc5 Ra7 52. a4
Kd6 53. a5 Re7+ 54. Kd4 Re1 55. Nb5+ Kd7 56. a6 Ra1 57. Rc7+ Kd8 58. a7 Rd1+
59. Kc5 Rc1+ 60. Kb6 Ra1 61. Rf7 Rb1 62. Rxf3 gxf3 63. a8=Q+ Ke7 64. Qxf3 Re1
65. Qe3+ Rxe3 66. Nd4 Re4 67. Nc6+ Kd6 68. b5 Rg4 69. Na5 Rxg3 70. Nb7+ Kd7 71.
Nc5+ Kc8 72. Na6 Rg6+ 73. Ka7 Rg7+ 74. Kb6 Rg8 75. Ka7 Kd7 76. b6 Rg7 77. b7
Kd6 {Time forfeit} 0-1

[Event "Rated Blitz game"]
[Site "?"]
[Date "2021.02.01"]
[Round "?"]
[White "Carobee"]
[Black "Jomajo"]
[Result "0-1"]
[WhiteElo "2625"]
[BlackElo "2599"]
[PlyCount "118"]
[EventDate "2021.??.??"]
[EventType "blitz"]

1. e4 e5 2. Nf3 d5 3. exd5 e4 4. Qe2 Qe7 5. Nd4 Nf6 6. Nc3 Qe5 7. Nb3 Nbd7 8.
d4 exd3 9. cxd3 Bb4 10. Bd2 O-O 11. Qxe5 Nxe5 12. d4 Ned7 13. a3 Bd6 14. Nb5
Re8+ 15. Be2 Nb6 16. Nxd6 cxd6 17. f3 Nbxd5 18. Kf2 Be6 19. Rac1 b6 20. Rc2
Rac8 21. Rhc1 h6 22. Rxc8 Rxc8 23. Rxc8+ Bxc8 24. Nc1 Be6 25. Bd3 Kf8 26. Ne2
Ke7 27. g4 h5 28. h3 g6 29. Ng3 hxg4 30. hxg4 Kd7 31. Bb5+ Kc7 32. Bd3 Kc6 33.
Ne4 a5 34. Ng5 Nc7 35. Ne4 Nfd5 36. Kg3 Nb5 37. Bxb5+ Kxb5 38. Nxd6+ Ka4 39. f4
Kb3 40. f5 gxf5 41. gxf5 Bd7 42. Kf3 f6 43. Ke4 Bc6 44. Kd3 Kxb2 45. a4 Kb3 46.
Nc4 Kxa4 47. Ne3 Ne7 48. Kc4 Bb5+ 49. Kc3 Bc6 50. Kc4 Be4 51. d5 Nxf5 52. Nxf5
Bxf5 53. Be3 b5+ 54. Kc5 b4 55. Kd6 Be4 56. Ke6 b3 57. Bd4 f5 58. d6 Bc6 59.
Kxf5 Kb4 {Normal} 0-1

[Event "Rated Blitz game"]
[Site "?"]
[Date "2021.02.01"]
[Round "?"]
[White "Carobee"]
[Black "Jomajo"]
[Result "1-0"]
[WhiteElo "2625"]
[BlackElo "2599"]
[PlyCount "81"]
[EventDate "2021.??.??"]
[EventType "blitz"]

1. e4 e5 2. Nf3 d5 3. exd5 e4 4. Qe2 Qe7 5. Nd4 Nf6 6. Nc3 Qe5 7. Nb3 Nbd7 8.
g3 Bb4 9. Bg2 Bxc3 10. dxc3 Qxd5 11. O-O O-O 12. Rd1 Qe6 13. Bf4 Ne5 14. Nc5
Qe7 15. Nxe4 Nxe4 16. Qxe4 f6 17. Bxe5 fxe5 18. Rd5 Qf6 19. Rf1 Re8 20. Re1 Bf5
21. Qe3 e4 22. Qf4 Bg6 23. Qxc7 Re7 24. Qc5 Rae8 25. Qd4 Qf7 26. h4 Kh8 27. Rg5
h6 28. Rg4 Bf5 29. Rf4 Qg6 30. Kh2 b6 31. Re2 Re5 32. Rd2 e3 33. fxe3 Rxe3 34.
Rf3 R3e7 35. Rdf2 Bxc2 36. Rf8+ Rxf8 37. Rxf8+ Kh7 38. Qd8 Qe6 39. h5 g6 40.
Rh8+ Kg7 41. Qf8# {Normal} 1-0

[Event "Rated Blitz game"]
[Site "?"]
[Date "2021.02.01"]
[Round "?"]
[White "andreas_heimann"]
[Black "Jomajo"]
[Result "1-0"]
[WhiteElo "2656"]
[BlackElo "2574"]
[PlyCount "69"]
[EventDate "2021.??.??"]
[EventType "blitz"]

1. e4 e5 2. Nf3 d5 3. d3 dxe4 4. dxe4 Qxd1+ 5. Kxd1 Bg4 6. Be3 Nd7 7. Nbd2 f6
8. Be2 Bc5 9. Bxc5 Nxc5 10. c3 Bxf3 11. Bxf3 O-O-O 12. Kc2 Nd3 13. Be2 Nxf2 14.
Rhf1 Rxd2+ 15. Kxd2 Nxe4+ 16. Kc2 Ne7 17. Rae1 Nd6 18. Bd3 Kd7 19. g4 Ke6 20.
h4 h5 21. g5 f5 22. b4 e4 23. c4 Ke5 24. c5 Nf7 25. Bc4 Nd8 26. Rd1 Ndc6 27.
Kc3 f4 28. b5 Nb8 29. Rfe1 e3 30. a4 Rf8 31. Rd4 a6 32. Kd3 axb5 33. axb5 Ng6
34. Re4+ Kf5 35. Be6# {Normal} 1-0

[Event "Rated Blitz game"]
[Site "?"]
[Date "2021.02.01"]
[Round "?"]
[White "Carobee"]
[Black "Jomajo"]
[Result "0-1"]
[WhiteElo "2638"]
[BlackElo "2585"]
[PlyCount "58"]
[EventDate "2021.??.??"]
[EventType "blitz"]

1. e4 e5 2. Nf3 d5 3. exd5 e4 4. Qe2 Qe7 5. Nd4 Nf6 6. d3 exd3 7. Qxe7+ Bxe7 8.
Bxd3 Nxd5 9. O-O O-O 10. a3 a6 11. c4 Nb6 12. Nc3 Bf6 13. Nb3 Nc6 14. c5 Nd7
15. Nd5 Bd8 16. f4 Nf6 17. Nc3 Be6 18. Bc2 Be7 19. Be3 Ng4 20. Bd2 Bxb3 21.
Bxb3 Bxc5+ 22. Kh1 Nf2+ 23. Rxf2 Bxf2 24. Ne4 Bb6 25. h3 Nd4 26. Bc4 h6 27. Rc1
Rfe8 28. Bd3 Nb3 29. Rc2 Rad8 {Normal} 0-1

[Event "Rated Blitz game"]
[Site "?"]
[Date "2021.02.01"]
[Round "?"]
[White "vogelj"]
[Black "Jomajo"]
[Result "0-1"]
[WhiteElo "2408"]
[BlackElo "2576"]
[PlyCount "96"]
[EventDate "2021.??.??"]
[EventType "blitz"]

1. e4 e5 2. Nf3 d5 3. Nxe5 Bd6 4. d4 dxe4 5. Nc4 Nf6 6. Bg5 Nc6 7. c3 h6 8. Bh4
g5 9. Bg3 Nd5 10. Nxd6+ cxd6 11. Be2 f5 12. Bh5+ Kd7 13. Qb3 Nf6 14. Qf7+ Qe7
15. h4 f4 16. Bh2 Rh7 17. Qxe7+ Nxe7 18. Be2 Nf5 19. Nd2 Nxh4 20. Kf1 d5 21.
Bxf4 Nxg2 22. Bxg5 hxg5 23. Rxh7+ Nxh7 24. Kxg2 Kd6 25. f3 Nf6 26. fxe4 dxe4
27. Nc4+ Ke7 28. Ne5 Be6 29. a3 Rg8 30. Rh1 Rg7 31. Rh6 Nd5 32. Kg3 Nf4 33. Bg4
Bxg4 34. Nxg4 Nd3 35. b3 Rf7 36. Rg6 Rf3+ 37. Kh2 e3 38. Nxe3 Rxe3 39. Rxg5 Nf4
40. Rg7+ Kd6 41. Rxb7 Rxc3 42. Rxa7 Rxb3 43. a4 Nd5 44. a5 Ra3 45. a6 Nb4 46.
Ra8 Nxa6 47. Rd8+ Kc7 48. d5 Kxd8 {Normal} 0-1

[Event "Rated Blitz game"]
[Site "?"]
[Date "2021.02.01"]
[Round "?"]
[White "ega2006"]
[Black "jflup"]
[Result "1-0"]
[WhiteElo "2370"]
[BlackElo "2408"]
[PlyCount "97"]
[EventDate "2021.??.??"]
[EventType "blitz"]

1. e4 e5 2. Nf3 d5 3. Nxe5 Bd6 4. d4 dxe4 5. Nc3 Bxe5 6. dxe5 Qxd1+ 7. Kxd1 Nc6
8. Bb5 Bd7 9. Bf4 O-O-O 10. Bxc6 Bxc6+ 11. Ke2 Ne7 12. Bg5 Rhe8 13. Rad1 h6 14.
Rxd8+ Kxd8 15. Rd1+ Kc8 16. Bxe7 Rxe7 17. Ke3 Rxe5 18. Kf4 Rc5 19. Rd2 g5+ 20.
Ke3 f5 21. Kd4 Ra5 22. a4 Bd7 23. b4 Ra6 24. Ke5 Re6+ 25. Kd4 Rd6+ 26. Ke3 f4+
27. Ke2 Bg4+ 28. Ke1 Bf5 29. Nb5 Rxd2 30. Kxd2 Kd7 31. g3 a6 32. Nd4 Bg4 33. c4
Kd6 34. Kc3 b6 35. Nb3 c5 36. bxc5+ bxc5 37. a5 Bd1 38. Nc1 Ke5 39. Kd2 Ba4 40.
Kc3 h5 41. h4 fxg3 42. fxg3 gxh4 43. gxh4 Kf4 44. Kd2 Kf3 45. Ke1 Bc2 46. Kd2
Ba4 47. Ke1 Kg3 48. Na2 Kxh4 49. Nc3 {Time forfeit} 1-0

[Event "Rated Blitz game"]
[Site "?"]
[Date "2021.02.01"]
[Round "?"]
[White "Mv17"]
[Black "PawnTheSilentHero"]
[Result "1-0"]
[WhiteElo "2556"]
[BlackElo "2398"]
[PlyCount "59"]
[EventDate "2021.??.??"]
[EventType "blitz"]

1. e4 e5 2. Nf3 d5 3. exd5 e4 4. Qe2 Nf6 5. d3 Be7 6. dxe4 O-O 7. Nc3 Re8 8.
Bd2 Bb4 9. O-O-O Bxc3 10. Bxc3 Nxe4 11. Qe3 Ng3 12. Qd4 Nf5 13. Qd2 Nd7 14. Bd3
Nd6 15. Rhe1 Nc5 16. Bxh7+ Kxh7 17. Qd4 Nf5 18. Qxc5 Rxe1 19. Rxe1 b6 20. Qc4
a5 21. Qf4 f6 22. g4 Qd6 23. Qe4 Bb7 24. gxf5 Bxd5 25. Qh4+ Kg8 26. Nd4 c6 27.
Ne6 Re8 28. Rg1 Bxe6 29. Rxg7+ Kxg7 30. Qxf6+ {Normal} 1-0